| Record ID | marc_loc_2016/BooksAll.2016.part12.utf8:149386980:975 |
| Source | Library of Congress |
| Download Link | /show-records/marc_loc_2016/BooksAll.2016.part12.utf8:149386980:975?format=raw |
LEADER: 00975cam a2200265 i 4500
001 80008107
003 DLC
005 20140611073940.0
008 800520r1980 nyua j 000 1 eng
010 $a 80008107
020 $a0399207589 :$c$6.95
040 $aDLC$cDLC$dDLC
042 $alcac
050 00 $aPZ7.H5516$bWh 1980
082 00 $a[E]
100 1 $aHill, Eric,$d1927-2014.
245 10 $aWhere's Spot? /$cBy Eric Hill.
260 $aNew York :$bPutnam,$cc1980.
300 $a[22] p. :$bcol. ill. ;$c22 cm.
520 $aA mother dog finds eight other animals hiding around the house before finding her lost puppy. Flaps conceal the animals.
650 0 $aToy and movable books$xSpecimens.
650 1 $aAnimals$xFiction.
650 1 $aToy and movable books.
856 42 $3Publisher description$uhttp://www.loc.gov/catdir/enhancements/fy0916/80008107-d.html
856 42 $3Contributor biographical information$uhttp://www.loc.gov/catdir/enhancements/fy0916/80008107-b.html